=LDR 00000nam 2200000 4500 =001 NUTBA000000000003124 =005 20150302114227.0 =006 =007 =008 =020 ##$$a 978-602-98181-0-9 =035 ##$$0010-071400000000312 =040 ##$$a NBPDMAT =082 ##$$a 650.1 =090 ##$$a 650.1$bWas w =100 ##$$a Wasi Darmolono =245 ##$$a Winning mindset$bvisi sukses seorang entrepreneur muslim$cH. Wasi Darmolono$cHudalloh Abiel Fawwaz =260 ##$$a Jogjakarta$bJavalitera$c2012. =300 ##$$a 254 hlm$c21 cm. =650 ##$$a entrepreneur =850 ##$$a NBPDMAT =990 ##$$a 00089080 =990 ##$$a 21400613/BPAP-NTB/20142014 =990 ##$$a 0001/BPAP-NTB/20142014 =990 ##$$a 0001/BPAP-NTB/20142014 =990 ##$$a 0001/BPAP-NTB/2016 =990 ##$$a 0001/BPAP-NTB/2016